[Event "Cagliari Alfa Lum op 3rd"]
[Site "Cagliari"]
[Date "2012.09.01"]
[Round "4"]
[White "Marchionni, Daniele"]
[Black "Garau, Francesca"]
[Result "1/2-1/2"]
[WhiteElo "1380"]
[BlackElo "1542"]
[PlyCount "79"]
[EventDate "2012.08.31"]
[EventType "swiss"]
[EventRounds "6"]
[EventCountry "ITA"]
[SourceTitle "EXT 2014"]
[Source "ChessBase"]
[SourceDate "2013.11.20"]
[SourceVersion "1"]
[SourceVersionDate "2013.11.20"]
[SourceQuality "1"]

1. e4 d5 2. exd5 Qxd5 3. Nc3 Qa5 4. d4 Bf5 5. Nf3 Nf6 6. Be2 e6 7. 0-0 Bd6 8. a3 0-0 9. b4 Qb6 10. Be3 c6 11. g3 Nbd7 12. Re1 Rfe8 13. Nh4 Bg4 14. Bxg4 Nxg4 15. Qxg4 Nf6 16. Qd1 Rad8 17. Qf3 h6 18. d5 Qc7 19. Bxh6 Be5 20. Bd2 cxd5 21. Rac1 d4 22. Ne4 Qc6 23. Nxf6+ Bxf6 24. Qxc6 bxc6 25. f3 g5 26. Ng2 Rd5 27. c4 dxc3 28. Bxc3 e5 29. Ne3 Rd3 30. Kf2 Rd6 31. Red1 Rde6 32. Re1 Kg7 33. f4 gxf4 34. gxf4 exf4 35. Ng2 Bxc3 36. Rxc3 Re4 37. Rxe4 Rxe4 38. Rxc6 f6 39. Kf3 Rd4 40. Rc3 1/2-1/2

[Event "Sardegna Region-ch"]
[Site "Capoterra"]
[Date "2012.05.26"]
[Round "4"]
[White "Marchionni, Daniele"]
[Black "Toniolo, Massimo"]
[Result "0-1"]
[WhiteElo "1395"]
[BlackElo "1785"]
[PlyCount "98"]
[EventDate "2012.05.19"]
[EventType "swiss"]
[EventRounds "6"]
[EventCountry "ITA"]
[SourceTitle "EXT 2014"]
[Source "ChessBase"]
[SourceDate "2013.11.20"]
[SourceVersion "1"]
[SourceVersionDate "2013.11.20"]
[SourceQuality "1"]

1. c4 e5 2. Nc3 Nf6 3. Nf3 Nc6 4. d4 exd4 5. Nxd4 Bb4 6. Nxc6 Bxc3+ 7. bxc3 dxc6 8. Qxd8+ Kxd8 9. e3 Ne4 10. Bb2 Be6 11. Bd3 Nd6 12. Rd1 Kc8 13. 0-0 Bxc4 14. Bxc4 Nxc4 15. Bc1 Rd8 16. Rxd8+ Kxd8 17. Rd1+ Ke7 18. Rd4 b5 19. e4 Rd8 20. Rxd8 Kxd8 21. g3 Kd7 22. f4 Nd6 23. e5 Ne4 24. Bb2 Ke6 25. g4 g6 26. Kg2 c5 27. Kf3 Nd2+ 28. Ke2 Nc4 29. Bc1 Kd5 30. Kd3 a5 31. h4 a4 32. a3 Na5 33. Bb2 c4+ 34. Ke3 c5 35. g5 Nc6 36. Kf3 Ne7 37. Kg4 Ke4 38. Bc1 Nd5 39. h5 Nxc3 40. hxg6 hxg6 41. Bb2 Nd5 42. Bc1 b4 43. axb4 cxb4 44. f5 Kxe5 45. fxg6 fxg6 46. Kf3 c3 47. Ke2 a3 48. Kd3 a2 49. Kc4 a1Q 0-1